Statistiken für Beste Torschützen (gesamt) im DFB-Pokal seit dem Jahr 2000

Klicken Sie hier um das Quiz zu spielen!

Allgemein

  • Dieses Quiz wurde 86 mal gespielt
  • Das Durchschnittsergebnis liegt bei 16 aus 40

Antwortstatistiken

ToreNationSpieler% Korrekt
39PolenRobert Lewandowski
100%
34PeruClaudio Pizarro
91%
34DeutschlandThomas Müller
91%
16NiederlandeArjen Robben
79%
12FrankreichFranck Ribéry
78%
20DeutschlandMiroslav Klose
74%
15GabunPierre-Emerick Aubameyang
74%
26DeutschlandMario Gómez
68%
15KroatienIvica Olic
61%
18DeutschlandMarco Reus
58%
21Bosnien-Her.Vedad Ibisevic
57%
13KamerunEric-Maxim Choupo-Moting
52%
13BulgarienDimitar Berbatov
51%
18DeutschlandStefan Kießling
51%
13NiederlandeKlaas-Jan Huntelaar
49%
18DänemarkEbbe Sand
48%
21ÖsterreichMartin Harnik
44%
13BrasilienAílton
40%
12ParaguayRoque Santa Cruz
38%
12DeutschlandTimo Werner
34%
13KroatienMladen Petric
30%
12BelgienThorgan Hazard
29%
12DänemarkYussuf Poulsen
29%
12NiederlandeBas Dost
25%
17DeutschlandCacau
25%
14DeutschlandKevin Kuranyi
25%
15KroatienIvan Klasnic
23%
20DeutschlandNils Petersen
23%
12DeutschlandCarsten Jancker
22%
15GeorgienAlexander Iashvili
19%
14ArgentinienDiego Klimowicz
19%
12DeutschlandGerald Asamoah
17%
12DeutschlandMartin Max
17%
13DeutschlandLars Stindl
16%
13FrankreichAnthony Modeste
12%
15DeutschlandSimon Terodde
12%
12DeutschlandSven Schipplock
5%
14DeutschlandTim Borowski
5%
13DeutschlandRobert Glatzel
1%
13DeutschlandRouwen Hennings
1%

Verteilung der Resultate

Perzentil nach korrekt beantworteten Fragen

Anzahl Personen mit jedem Resultat

Ihre Resultats-Entwicklung

Sie haben dieses Quiz noch nicht gespielt